Boletín de las ordenanzas, reglamentos i demás disposiciones vijentes dictadas para el servicio local de la ciudad de Santiago

Saved in:
Bibliographic Details
Format: Book
Language:Spanish
Published: Santiago Del Ferrocarril 1864
Subjects:
Tags: Add Tag
No Tags, Be the first to tag this record!

MARC

LEADER 00000nam a2200000 a 4500
001 UCR4448
003 CL-VaPUC
008 980307e18640000CL |||||||||||||||||spa|d
082 0 4 |a 342.02  |b BOL  |2 21 
245 1 0 |a Boletín de las ordenanzas, reglamentos i demás disposiciones vijentes dictadas para el servicio local de la ciudad de Santiago 
300 |a 239 p 
942 |c BK 
945 |d 19980307 00:00:00  |a aolguin 
260 |a Santiago  |b Del Ferrocarril  |c 1864 
600 0 7 |a ILUSTRE MUNICIPALIDAD DE SANTIAGO  |2 CL-VaPUC  |9 404577 
650 7 |a DERECHO MUNICIPAL  |2 CL-VaPUC  |9 257568 
650 7 |a DISPOSICIONES MUNICIPALES  |2 CL-VaPUC  |9 404578 
650 0 |a Alumbrado público  |9 404579 
650 0 |a Plazas públicas  |9 404580 
650 7 |a POLICIA  |2 CL-VaPUC  |9 313500 
650 0 |a Seguridad ciudadana   |9 392290 
650 0 |a Agua potable   |9 260375 
650 7 |a CARRERAS DE CABALLOS  |2 CL-VaPUC  |9 404581 
650 7 |a CANCHAS  |2 CL-VaPUC  |9 404582 
651 7 |a BARRIO YUNGAY  |2 CL-VaPUC  |9 404583 
651 0 |a Santiago  |9 265444 
651 7 |a CHILE  |2 CL-VaPUC  |9 404584 
583 |a last modification  |c 19980307 00:00:00  |k Rodrigo Vera 
999 |c 267390  |d 267388 
952 |0 0  |1 0  |4 0  |6 342_020000000000000_BOL_1864  |7 0  |8 X  |9 299682  |a BIBDER  |b BIBDER  |d 2019-11-20  |i 1956620  |o 342.02 BOL 1864  |p 1956620  |r 2023-01-25  |w 2019-11-20  |y BK_X  |k DER